| 000 | 01328cam a22001934a 4500 | ||
|---|---|---|---|
| 005 | 20250605164239.0 | ||
| 008 | 250528s ||||||||||||||||||||||||d | ||
| 035 | _a21276 | ||
| 020 | _a9789607860004 | ||
| 040 |
_aGR-AtMCL _bgre _dGR-AtMCL _eAACR2 |
||
| 245 | 1 | _aΤουρισμός / Οικονομικές Προσεγγίσεις | |
| 260 |
_bΠροπομπός, _c2008 |
||
| 300 | _a304 | ||
| 520 | _aΤο Τουριστικό Φαινόμενο: Η Διαχρονική Επισκόπηση και Εννοιολογικές Προσεγγίσεις, Οι Τουριστικές Ροές: Ιδιομορφίες και Χαρακτηριστικά και Προσδιοριστικοί Παράγοντες της Τουριστικής Ζήτησης, Το Τουριστικό Προϊόν: Οι Συγχρονές Δομές της Υποδοχής και Οι Ενδιάμεσοι του Τουριστικού Ενδιαφέροντος, Οι Οικονομικές Επιπτώσεις του Τουρισμού: Ο Πολυδιάστατος Ρόλος του Τουρισμού στα Πλαίσια της Εθνικής Οικονομίας, Συμπεράσματα, Βιβλιογραφία. | ||
| 700 | 1 |
_aΒαρβαρέσος Στέλιος _95584 |
|
| 942 | _cBK | ||
| 999 |
_c6341 _d6341 |
||